Pokemon 7ème Génération - Statistiques

Statistiques générales
  • Ce quiz a été pris 75 fois
    72 depuis la dernière actualisation
  • Le résultat moyen est 58 sur 86
Statistiques - réponses
Hint Réponse % Correct
Plante/Vol Brindibou
97%
Plante/Vol Efflèche
95%
Feu Flamiaou
95%
Eau Otarlette
95%
Plante/Spectre Archéduc
92%
Feu/Ténèbres Félinferno
92%
Eau Otaquin
92%
Feu Matoufeu
89%
Eau/Fée Oratoria
86%
Psy/Acier Solgaleo
86%
Ténèbres/Dragon Engloutyran
84%
Psy/Spectre Lunala
84%
Normal/Vol Bazoucan
81%
Normal Manglouton
81%
Spectre/Fée Mimiqui
81%
Insecte/Combat Mouscoto
81%
Psy Necrozma
81%
Normal Argouste
78%
Electrik Câblifère
78%
Combat Crabagarre
78%
Combat/Glace Crabominable
78%
Roche Lougaroc
78%
Insecte/Electrik Lucanon
78%
Normal/Vol Picassaut
78%
Normal/Vol Piclairon
78%
Roche Rocabot
78%
Acier/Vol Bamboiselle
76%
Insecte/Electrik Chrysapile
76%
Psy Cosmog
76%
Psy Cosmovum
76%
Plante/Acier Katagami
76%
Insecte Larvibule
76%
Electrik/Acier Togedemaru
76%
Poison/Eau Vorastérie
76%
Roche/Poison Zéroïd
76%
Acier/Fée Magearna
73%
Poison/Feu Malamandre
73%
Combat/Spectre Marshadow
73%
Insecte/Eau Sovkipou
73%
Eau/Fée Tokopisco
73%
Psy/Fée Tokopiyon
73%
Poison/Feu Tritox
73%
Spectre/Sol Bacabouh
70%
Dragon Bébécaille
70%
Dragon/Combat Ekaïser
70%
Variable/Vol Plumeline
70%
Electrik/Fée Tokorico
70%
Plante/Fée Tokotoro
70%
Insecte/Combat Cancrelove
68%
Normal/Dragon Draïeul
68%
Plante Mimantis
68%
Poison/Eau Prédastérie
68%
Insecte/Eau Sarmuraï
68%
Eau/Insecte Tarenbulle
68%
Spectre/Sol Trépassable
68%
Eau/Insecte Araqua
65%
Feu/Dragon Boumata
65%
Plante Floramantis
65%
Eau Froussardine
65%
Insecte/Fée Rubombelle
65%
Plante Sucreine
65%
Insecte/Fée Bombydou
62%
Sol Bourrinos
62%
Dragon/Combat Ecaïd
62%
Normal/Psy Gouroutan
59%
Plante Candine
57%
Plante Croquine
57%
Combat Quartermac
57%
Sol Tiboudet
57%
Eau/Psy Denticrisse
54%
Fée Guérilande
54%
Normal/Combat Chelours
51%
Eau Concombaffe
51%
Roche/Vol Météno
51%
Normal/Combat Nounourson
51%
Spectre/Plante Sinistrail
49%
Normal Type:0
49%
Normal Silvallié
46%
Plante/Fée Lampignon
43%
Plante/Fée Spododo
38%
Normal Dodoala
32%
Roche/Acier Ama-Ama
22%
Feu/Spectre Pierroteknik
22%
Poison Vémini
22%
Poison/Dragon Mandrillon
19%
Elektrik Zeraora
19%
Aucun quiz correspondant
Distribution des résultats
% des personnes avec chaque résultat
Percentile par nombre de réponses
Votre historique - résultats
Vous n’avez pas pris ce quiz depuis la dernière actualisation